000 01125 a2200217 4500
001 4286
005 20260407155434.0
008 260407a2011 arg spa d
003 AR-UNSa-BCEJYS
040 _aAR-UNSa-BCEJYS
_bspa
_cAR-UNSa-BCEJYS
080 _a341
_xDerecho internacional
245 1 0 _aReformulación de las instituciones para la eficacia del Mercosur en la integración económica
020 _a978-987-03-1899-6
264 1 _aBuenos Aires :
_bUniversidad de Buenos Aires. Facultad de Derecho
_c2011
300 _axvi, 167 p.
_c24 cm.
505 _a1. Introducción - 2. El proceso de constitución del Mercado Común del Sur - 3. Las instituciones del Mercosur y el derecho de la integración - 4. La reforma institucional pendiente - 5. Una visión hacia adelante: la opción integradora y la opción diluyente
942 _cBK
590 _aniveau_biblio:m niveau_hierar:0
100 1 _aMaito, Miguel Angel
856 4 1 _uhttps://biblioeco.unsa.edu.ar/pmb/images/libros/Reformulacion de las instituciones para la eficacia del mercosur en la integracion economica-l118370.jpg
_yImagen de portada
_qimage/jpeg
999 _c416
_d416